KOHA-Header-6

١٠٠ عہد ساز شخصیات (Record no. 13436)

000 -LEADER
fixed length control field 00451nam a22001097a 4500
082 ## - DEWEY DECIMAL CLASSIFICATION NUMBER
Classification number 891.439
100 ## - MAIN ENTRY--AUTHOR NAME
Personal name حمیر ہاشمی، محمّد اسلم انصاری، ممتاز حسین نعیم
245 ## - TITLE STATEMENT
Title ١٠٠ عہد ساز شخصیات
Remainder of title روحانی، علمی، ادبی، سیاسی، سماجی اور تاریخی شخصیات کا تذکرہ
260 ## - PUBLICATION, DISTRIBUTION, ETC. (IMPRINT)
Place of publication لاہور
Name of publisher علم و عرفان پبلشرز
Year of publication 2001
300 ## - PHYSICAL DESCRIPTION
Number of Pages 469
942 ## - ADDED ENTRY ELEMENTS (KOHA)
Koha item type Books
Holdings
Withdrawn status Lost status Collection code Permanent Location Current Location Shelving location Date acquired Full call number Accession Number Koha item type
    Islamic Personalities Biographies MAJU MAJU Shelf No.A-9 2022-11-22 891.439 10508 Books

Powered by Koha